| 000 | 00353nam a2200145Ia 4500 | ||
|---|---|---|---|
| 008 | 191201s2009 xx 000 0 und d | ||
| 082 |
_a005.43 _bSIO |
||
| 100 | _aSILBERSCHATZ, Abraham | ||
| 245 | 0 | _aOperating System Principles | |
| 250 | _aED,7th | ||
| 260 |
_aN.Delhi _bJohn Wiley _c2009 |
||
| 300 | _a896 | ||
| 650 | _aB.Tech(CSE) | ||
| 942 |
_2ddc _cBK |
||
| 999 |
_c4579 _d4579 |
||